Point de vue: Tour Eiffel - Carte Quiz - Statistiques

Statistiques générales
  • Ce quiz a été pris 1 663 fois
  • Le résultat moyen est 7 sur 10
Réponses sur la Carte
Les réponses sont colorées sur une échelle allant du rouge au vert en fonction du pourcentage des utilisateurs qui les ont devinées à leur premier essai. Vous pouvez retrouver ces pourcentages ci-dessous.
 
Statistiques - réponses
Réponse % Correct

@daily.sy.75
88%

@proprete_paris
77%

@paris.aida.tours
73%

@fredericmoncelphotographies
72%

@cyber_frog99
71%

@yakkapang
71%

@audrey_charruyer
71%

@guidograizzaro
63%

@blandinpoc
58%

@jo_cnpl
50%
Aucun quiz correspondant
Distribution des résultats
% des personnes avec chaque résultat
Percentile par nombre de réponses
Votre historique - résultats
Vous n’avez pas pris ce quiz